000
00488nam a2200157Ia 4500
008
090123s9999 xx 000 0 und d
082
_b
71
_a
891.463/कवठेकर
100
_a
कवठेकर द.र.
245
_a
आभाळाची सावली
250
_a
0
600
_a
कवठेकर द.र.
630
_a
आभाळाची सावली
700
_a
कवठेकर द.र.
730
_a
आभाळाची सावली
942
_c
BOOK
999
_c
38160
_d
38160